ARRUPE JESUIT UNIVERSITY

CORONAVIRUS -STOP THE SPREAD - CLEAN,DISINFECT,COVER

The Face of Friendship (Record no. 119910)

MARC details
000 -LEADER
fixed length control field 00599nam a22001577a 4500
008 - FIXED-LENGTH DATA ELEMENTS--GENERAL INFORMATION
fixed length control field 140204b xxu||||| |||| 00| 0 eng d
020 ## - INTERNATIONAL STANDARD BOOK NUMBER
International Standard Book Number 2-89507-485-2
050 ## - LIBRARY OF CONGRESS CALL NUMBER
Classification number BX2347.72.C3C54 2004
100 ## - MAIN ENTRY--PERSONAL NAME
Personal name Clarke, Bill S.J.
9 (RLIN) 7829
245 ## - TITLE STATEMENT
Title The Face of Friendship
Remainder of title a true story of hope and transformation
Statement of responsibility, etc Bill Clarke S.J.
260 ## - PUBLICATION, DISTRIBUTION, ETC. (IMPRINT)
Place of publication, distribution, etc Canada
Name of publisher, distributor, etc Novalis
Date of publication, distribution, etc 2004
300 ## - PHYSICAL DESCRIPTION
Extent 256p. ;
Dimensions 22cm.
600 ## - SUBJECT ADDED ENTRY--PERSONAL NAME
Personal name Clarke, Bill andDunn, Byron
9 (RLIN) 7830
650 ## - SUBJECT ADDED ENTRY--TOPICAL TERM
Topical term or geographic name as entry element Ignatius Farm Community
General subdivision Jesuits
-- Marginality, Social-Religious Aspects
-- Catholic Church
Geographic subdivision Ontario-Guelph Region
9 (RLIN) 7831
942 ## - ADDED ENTRY ELEMENTS (KOHA)
Source of classification or shelving scheme Library of Congress Classification
Item type Monograph ( Printed materials)
Holdings
Withdrawn status Lost status Source of classification or shelving scheme Damaged status Not for loan Collection code Home library Current library Shelving location Date acquired Total Checkouts Full call number Barcode Date last seen Date last borrowed Price effective from Koha item type
    Library of Congress Classification     Main Collection ARRUPE LIBRARY ARRUPE LIBRARY Main Collection 04/02/2014 2 BX2347.72.C3C54 2004 46411970 22/11/2017 06/01/2017 04/02/2014 Monograph ( Printed materials)

 

Arrupe Library. PO Box MP320 Mt Pleasant, Harare, Zimbabwe
263 242 745411|librarian@aju.ac.zw